Statistics for Top 50 Largest Countries In The World

Click here to take the quiz!

General Stats

  • This quiz has been taken 93 times
  • The average score is 41 of 50

Answer Stats

AreaCountry% Correct
17,1 milRussia
100%
7,7 milAustralia
97%
9,9 milCanada
97%
9,7 milChina
97%
3,3 milIndia
96%
9,4 milUnited States
96%
8,5 milBrazil
95%
1,9 milIndonesia
95%
2,0 milMexico
95%
1,1 milSouth Africa
93%
2,4 milAlgeria
92%
2,8 milArgentina
92%
551,4 KFrance
92%
881,9 KPakistan
92%
2,1 milSaudi Arabia
92%
756,2 KChile
89%
2,7 milKazakhstan
89%
2,3 milDR Congo
88%
1,6 milIran
88%
1,2 milColombia
86%
603,5 KUkraine
86%
1,6 milMongolia
85%
1,3 milNiger
85%
1,9 milSudan
85%
1,3 milChad
84%
1,0 milEgypt
84%
1,8 milLibya
84%
1,3 milPeru
84%
783,6 KTurkey
82%
916,4 KVenezuela
82%
923,8 KNigeria
81%
652,2 KAfghanistan
80%
1,2 milAngola
80%
1,1 milEthiopia
80%
506,1 KSpain
80%
1,1 milBolivia
74%
1,2 milMali
74%
513,1 KThailand
74%
1,0 milMauritania
72%
825,6 KNamibia
72%
580,4 KKenya
70%
637,7 KSomalia
70%
619,7 KSouth Sudan
70%
582,0 KBotswana
69%
945,1 KTanzania
68%
587,0 KMadagascar
65%
801,6 KMozambique
65%
676,6 KMyanmar
64%
623,0 KCentral African Republic
62%
752,6 KZambia
62%

Score Distribution

Percentile by Number Answered

Percent of People with Each Score

Your Score History

You have not taken this quiz